[Event "V Floripa Chess Open 2019"]
[Site "Florianopolis/SC"]
[Date "2019.01.24"]
[Round "6.166"]
[White "Zottis, Ernani"]
[Black "Souza, Renato Canil De"]
[Result "0-1"]
[WhiteElo "1800"]
[BlackElo "1639"]
[PlyCount "74"]
[EventDate "2019.01.21"]
[EventRounds "10"]
[EventCountry "BRA"]

1. e4 c5 2. Bc4 e6 3. Nf3 Nf6 4. d3 a6 5. Bg5 Be7 6. a4 Nc6 7. Be3 b6 8. O-O O-O 9. Ng5 d5 10. exd5 exd5 11. Ba2 Ng4 12. Nf3 Nxe3 13. fxe3 Bg4 14. Nc3 Nb4 15. Bb3 Bf6 16. Qe1 c4 17. Ne2 a5 18. c3 Nxd3 19. Qd2 Re8 20. h3 Bxf3 21. Rxf3 Ne5 22. Rxf6 Qxf6 23. Bc2 Nd3 24. Rf1 Qh4 25. Nf4 Qg3 26. Nxd5 Rad8 27. e4 Rxe4 28. Rc1 Re1+ 29. Rxe1 Qxe1+ 30. Qxe1 Nxe1 31. Be4 Rd6 32. Kf2 Nd3+ 33. Kf1 Nxb2 34. Bf3 Nxa4 35. Ke1 Kf8 36. Kd1 Nxc3+ 37. Kc2 Nxd5 0-1

[Event "V Floripa Chess Open 2019"]
[Site "Florianopolis/SC"]
[Date "2019.01.24"]
[Round "6.167"]
[White "Budag, Lucas Demetrio"]
[Black "Bonvini, Adriana Tonhati"]
[Result "0-1"]
[WhiteElo "1741"]
[BlackElo "1636"]
[PlyCount "75"]
[EventDate "2019.01.21"]
[EventRounds "10"]
[EventCountry "BRA"]

1. d4 e6 2. Nf3 f5 3. Bf4 Nf6 4. e3 d5 5. c4 c6 6. c5 Be7 7. Be2 O-O 8. O-O Ne4 9. Nbd2 b6 10. b4 Nc3 11. Qe1 Nxe2+ 12. Qxe2 Ba6 13. Qe1 g5 14. Bg3 Bxf1 15. Nxf1 Nd7 16. h3 Bf6 17. Bd6 Re8 18. Ne5 Nxe5 19. dxe5 Be7 20. Qc3 bxc5 21. Bxc5 Bxc5 22. Qxc5 Qb6 23. Qc3 a5 24. Rb1 axb4 25. Qd2 c5 26. Ng3 Kf7 27. Nh5 Qa6 28. Rb2 Red8 29. Nf6 h6 30. f3 d4 31. e4 f4 32. Kf2 Qa3 33. Rb3 Qxa2 34. Qxa2 Rxa2+ 35. Ke1 Rda8 36. Rd3 R8a7 37. Ng4 Ra1+ 38. Rd1 0-1

[Event "V Floripa Chess Open 2019"]
[Site "Florianopolis/SC"]
[Date "2019.01.24"]
[Round "6.168"]
[White "Santana Magalhaes, Amanda Borges"]
[Black "Araujo, Karla Priscilla Car"]
[Result "1-0"]
[WhiteElo "1636"]
[BlackElo "1380"]
[PlyCount "23"]
[EventDate "2019.01.21"]
[EventRounds "10"]
[EventCountry "BRA"]

1. e4 c5 2. Nf3 d6 3. d4 cxd4 4. Nxd4 Nf6 5. Nc3 g6 6. Be3 Bg7 7. Bc4 Ng4 8. Bb5+ Bd7 9. Qxg4 Bxb5 10. Ndxb5 Qa5 11. Qc8+ Qd8 12. Nc7+ 1-0

[Event "V Floripa Chess Open 2019"]
[Site "Florianopolis/SC"]
[Date "2019.01.24"]
[Round "6.171"]
[White "De Souza, Lucio Teixeira"]
[Black "Ferreira, Angelo Augusto Pach"]
[Result "1-0"]
[WhiteElo "1626"]
[BlackElo "1286"]
[PlyCount "35"]
[EventDate "2019.01.21"]
[EventRounds "10"]
[EventCountry "BRA"]

1. e4 c5 2. Nf3 d6 3. d4 cxd4 4. Nxd4 Nf6 5. Nc3 g6 6. Be2 Bg7 7. O-O O-O 8. Be3 Nc6 9. Nb3 Bd7 10. f4 Rc8 11. a3 a6 12. Rb1 b5 13. Kh1 Na5 14. Nxa5 Qxa5 15. e5 Ne8 16. Nd5 Ra8 17. Bb6 Qa4 18. Nc3 1-0

[Event "V Floripa Chess Open 2019"]
[Site "Florianopolis/SC"]
[Date "2019.01.24"]
[Round "6.173"]
[White "Wilberger, Marcelo"]
[Black "Borba Da Rosa, Rodrigo"]
[Result "1-0"]
[WhiteElo "1617"]
[BlackElo "1249"]
[PlyCount "97"]
[EventDate "2019.01.21"]
[EventRounds "10"]
[EventCountry "BRA"]

1. d4 c5 2. d5 Nf6 3. g3 d6 4. Bg2 e6 5. c4 exd5 6. cxd5 g6 7. Nc3 Bg7 8. Nf3 O-O 9. O-O Re8 10. Bf4 a6 11. a4 Nh5 12. Bg5 f6 13. Be3 Bf8 14. Nd2 Nd7 15. Nc4 Ne5 16. b3 Nxc4 17. bxc4 Rb8 18. Bc1 f5 19. Bf3 Nf6 20. Qc2 Bg7 21. Bb2 Re7 22. Rfe1 Qe8 23. e3 Bd7 24. a5 Ne4 25. Nxe4 fxe4 26. Bg2 b5 27. axb6 Rxb6 28. Bxg7 Kxg7 29. Ra5 Bf5 30. Rea1 Ra7 31. h3 Qe5 32. g4 Rb2 33. Qc1 Bc8 34. R5a3 Rf7 35. Qc3 Rfxf2 36. Qxe5+ dxe5 37. Bxe4 Rh2 38. Rb1 Rhd2 39. Rxb2 Rxb2 40. d6 Rd2 41. Bd5 Kf6 42. Rb3 Be6 43. g5+ Kf7 44. Rb7+ Ke8 45. Bxe6 Rxd6 46. Bd5 a5 47. Ra7 a4 48. Rxa4 Rd7 49. Bc6 1-0

[Event "V Floripa Chess Open 2019"]
[Site "Florianopolis/SC"]
[Date "2019.01.24"]
[Round "6.174"]
[White "Souza, Neurismar Da Rocha"]
[Black "Rahn, Marlon Cristiano"]
[Result "1-0"]
[WhiteElo "1612"]
[BlackElo "1057"]
[PlyCount "61"]
[EventDate "2019.01.21"]
[EventRounds "10"]
[EventCountry "BRA"]

1. e4 c5 2. Nf3 Nc6 3. d4 cxd4 4. Nxd4 e5 5. Nb3 Bc5 6. Nxc5 Qa5+ 7. Nc3 Qxc5 8. Be3 Nd4 9. Bd3 Nf6 10. h3 O-O 11. O-O d6 12. Nb5 a6 13. Nxd4 exd4 14. Bf4 b5 15. Re1 Be6 16. b3 Rfe8 17. a4 b4 18. Qe2 a5 19. e5 dxe5 20. Qxe5 Qc8 21. Qxd4 Bxh3 22. Rxe8+ Nxe8 23. Be4 Be6 24. Bxa8 Qxa8 25. Re1 Qc8 26. Re2 h6 27. Qe4 Nf6 28. Qd4 Bh3 29. gxh3 Qxh3 30. Qd8+ Kh7 31. Qd3+ 1-0

[Event "V Floripa Chess Open 2019"]
[Site "Florianopolis/SC"]
[Date "2019.01.24"]
[Round "6.177"]
[White "Torrallardona, Eduardo"]
[Black "Conrado, Carlos Alberto"]
[Result "0-1"]
[WhiteElo "2024"]
[BlackElo "1421"]
[PlyCount "56"]
[EventDate "2019.01.21"]
[EventRounds "10"]
[EventCountry "BRA"]

1. e4 c6 2. d4 d5 3. Nc3 dxe4 4. Nxe4 Nd7 5. Nf3 Ngf6 6. Ng3 e6 7. Bd3 Be7 8. O-O c5 9. Qe2 cxd4 10. Re1 Nc5 11. Bb5+ Bd7 12. Nxd4 O-O 13. Bg5 Bxb5 14. Nxb5 Qb6 15. c4 a6 16. Nc3 Rad8 17. Nh5 Nd3 18. Bxf6 Bxf6 19. Nxf6+ gxf6 20. Qg4+ Kh8 21. Re2 Rg8 22. Qh4 Rg6 23. Rd1 Rd4 24. Re4 Rxe4 25. Nxe4 Qxb2 26. Nd6 Kg7 27. h3 Qe2 28. Rf1 Ne5 0-1

[Event "V Floripa Chess Open 2019"]
[Site "Florianopolis/SC"]
[Date "2019.01.24"]
[Round "6.178"]
[White "Moura, Paulo Jorge Alves B"]
[Black "Feldmann, Jaciane Rocha"]
[Result "1-0"]
[WhiteElo "1916"]
[BlackElo "1347"]
[PlyCount "44"]
[EventDate "2019.01.21"]
[EventRounds "10"]
[EventCountry "BRA"]

1. d4 Nf6 2. c4 e6 3. Nc3 Bb4 4. e3 O-O 5. Nf3 b6 6. Bd3 Bb7 7. O-O Bxc3 8. bxc3 d6 9. e4 Bxe4 10. Re1 Bxd3 11. Qxd3 c5 12. Bg5 Nbd7 13. Rad1 Rc8 14. Nd2 Qc7 15. d5 e5 16. Qg3 h6 17. Bxh6 Nh5 18. Qg5 f6 19. Qxh5 gxh6 20. Qg6+ Kh8 21. Qxh6+ Kg8 22. Qg6+ Kh8 1-0

[Event "V Floripa Chess Open 2019"]
[Site "Florianopolis/SC"]
[Date "2019.01.24"]
[Round "6.179"]
[White "Oliveira, Debora Goncalves"]
[Black "Hubner, Jessica Trindade"]
[Result "1/2-1/2"]
[WhiteElo "1332"]
[BlackElo "1899"]
[PlyCount "50"]
[EventDate "2019.01.21"]
[EventRounds "10"]
[EventCountry "BRA"]

1. d4 d5 2. c4 e6 3. Nc3 a6 4. Nf3 Nf6 5. Bg5 Be7 6. e3 dxc4 7. Bxc4 b5 8. Bd3 Bb7 9. O-O Nbd7 10. Rc1 c5 11. dxc5 Nxc5 12. Be2 O-O 13. Qxd8 Rfxd8 14. Rc2 b4 15. Nb1 Bd5 16. Bxf6 gxf6 17. b3 Rac8 18. Nbd2 Ne4 19. Rxc8 Rxc8 20. Nxe4 Bxe4 21. Bxa6 Ra8 22. Bc4 Rxa2 23. Nd4 Rb2 24. f3 Bb1 25. Rf2 Rxf2 1/2-1/2

[Event "V Floripa Chess Open 2019"]
[Site "Florianopolis/SC"]
[Date "2019.01.24"]
[Round "6.180"]
[White "Boghi, Victor Almeida"]
[Black "Lopes, Leonardo Borges"]
[Result "0-1"]
[WhiteElo "1721"]
[BlackElo "1327"]
[PlyCount "66"]
[EventDate "2019.01.21"]
[EventRounds "10"]
[EventCountry "BRA"]

1. Nf3 c5 2. g3 g6 3. Bg2 Bg7 4. O-O d5 5. d3 Nf6 6. Nbd2 O-O 7. e4 Nc6 8. exd5 Nxd5 9. Nb3 Qd6 10. Nfd2 b6 11. Nc4 Qd8 12. Nbd2 Bb7 13. Ne4 Nf6 14. c3 Nxe4 15. dxe4 Ba6 16. Qb3 Ne5 17. Rd1 Bxc4 18. Rxd8 Bxb3 19. Rxa8 Rxa8 20. axb3 a5 21. f4 Nd3 22. Be3 Nxb2 23. e5 Rd8 24. Rb1 Nd1 25. Bf2 Nxc3 26. Ra1 f6 27. Be1 Nd1 28. Bf3 Ne3 29. exf6 Bxf6 30. Ra2 Rd3 31. Bxa5 bxa5 32. Rxa5 Bd4 33. Bd5+ Nxd5+ 0-1

[Event "V Floripa Chess Open 2019"]
[Site "Florianopolis/SC"]
[Date "2019.01.24"]
[Round "6.181"]
[White "Goncalves, Janaina"]
[Black "Da Silva, Esequiel Luis Melo"]
[Result "0-1"]
[WhiteElo "1292"]
[BlackElo "1680"]
[PlyCount "86"]
[EventDate "2019.01.21"]
[EventRounds "10"]
[EventCountry "BRA"]

1. e4 d6 2. Nf3 Nf6 3. Nc3 b6 4. Bc4 Bb7 5. d3 Nbd7 6. Ng5 e6 7. Be3 Be7 8. Nf3 O-O 9. O-O Ne5 10. Nxe5 dxe5 11. Qf3 c5 12. Qg3 Nd7 13. Bb5 Bc6 14. Ne2 a6 15. Bc4 Qc7 16. a3 Nb8 17. c3 b5 18. Ba2 c4 19. dxc4 Bxe4 20. cxb5 Bd3 21. Qf3 e4 22. Qg4 Nd7 23. Bb1 Ne5 24. Qg3 Bxe2 25. Re1 Bxb5 26. Bxe4 Bc6 27. Bc2 Qb7 28. Qh3 g6 29. b4 Rfd8 30. Bd4 Nd7 31. Rad1 e5 32. Be3 Nf8 33. c4 Ne6 34. Bd2 Rxd2 35. Rxd2 Nf4 36. Qg3 Bxg2 37. h4 Bh3 38. Be4 Qb8 39. Bxa8 Qxa8 40. Re3 Bxh4 41. Qh2 Qc8 42. c5 Qf5 43. Rd1 Qg4+ 0-1

[Event "V Floripa Chess Open 2019"]
[Site "Florianopolis/SC"]
[Date "2019.01.24"]
[Round "6.182"]
[White "Pimenta, Mauri Moriggi"]
[Black "Da Rosa, Henrique Jaze Simoe"]
[Result "0-1"]
[WhiteElo "1266"]
[BlackElo "1675"]
[PlyCount "49"]
[EventDate "2019.01.21"]
[EventRounds "10"]
[EventCountry "BRA"]

1. d4 d5 2. b3 Nf6 3. Bb2 Bf5 4. Nf3 e6 5. a3 Bd6 6. e3 Nbd7 7. Bd3 Bxd3 8. Qxd3 O-O 9. O-O Re8 10. Ne5 c6 11. Nd2 Qc7 12. f4 c5 13. c4 cxd4 14. exd4 dxc4 15. Ndxc4 Be7 16. Rac1 Rad8 17. Nxd7 Qxd7 18. Ne5 Qd5 19. Qc4 Qe4 20. Rce1 Qd5 21. Rc1 Qa5 22. b4 Qa4 23. f5 Nd5 24. fxe6 fxe6 25. Nd7 0-1

[Event "V Floripa Chess Open 2019"]
[Site "Florianopolis/SC"]
[Date "2019.01.24"]
[Round "6.183"]
[White "Jardim, Tamiris Salvador"]
[Black "Belle, Diego Leonardo"]
[Result "1/2-1/2"]
[WhiteElo "1253"]
[BlackElo "1633"]
[PlyCount "62"]
[EventDate "2019.01.21"]
[EventRounds "10"]
[EventCountry "BRA"]

1. e4 g6 2. d4 Bg7 3. Nf3 Nf6 4. Nc3 O-O 5. Bc4 c6 6. a4 d5 7. exd5 Nxd5 8. Nxd5 cxd5 9. Bb3 Nc6 10. Be3 Bf5 11. O-O Rc8 12. Qd2 Na5 13. Rac1 Nxb3 14. cxb3 Qb6 15. b4 f6 16. b5 Qd6 17. Bh6 Bd7 18. Rfe1 Rxc1 19. Rxc1 Bxh6 20. Qxh6 e5 21. dxe5 fxe5 22. Ng5 Qe7 23. h3 Rc8 24. Re1 e4 25. g3 Qg7 26. Qxg7+ Kxg7 27. Rd1 h6 28. Nxe4 Bxh3 29. Rxd5 b6 30. Kh2 Bg4 31. Nc3 Rf8 1/2-1/2

[Event "V Floripa Chess Open 2019"]
[Site "Florianopolis/SC"]
[Date "2019.01.24"]
[Round "6.184"]
[White "Ramirez Brizuela, Juan Bartolome"]
[Black "De Sousa E Silva, Luis Gonzaga"]
[Result "1-0"]
[WhiteElo "1582"]
[BlackElo "1318"]
[PlyCount "85"]
[EventDate "2019.01.21"]
[EventRounds "10"]
[EventCountry "BRA"]

1. b3 Nf6 2. Bb2 e6 3. e3 d5 4. Nf3 Nbd7 5. c4 c6 6. g3 Be7 7. Bg2 O-O 8. O-O a6 9. d3 b5 10. Nbd2 Bd6 11. Rc1 Nc5 12. Qc2 dxc4 13. dxc4 Be7 14. Nd4 Bb7 15. Nxc6 Bxc6 16. Bxc6 Ra7 17. cxb5 axb5 18. Bxf6 Bxf6 19. Qxc5 Rxa2 20. Ne4 Ra5 21. Qd6 Ra6 22. Qxd8 Rxd8 23. Nxf6+ gxf6 24. Bxb5 Rb6 25. Bc4 Kg7 26. Rfd1 Rdb8 27. Rd7 Kf8 28. Ra1 Kg7 29. Raa7 Rf8 30. Be2 Kg6 31. h4 h5 32. Kg2 Rxb3 33. Bd3+ f5 34. e4 Rb6 35. exf5+ exf5 36. Kf3 Rf6 37. Ra6 Re6 38. Rdd6 Rfe8 39. Kf4 Kg7 40. Bxf5 Re2 41. f3 R2e7 42. Be4 Rb7 43. Rd5 1-0

[Event "V Floripa Chess Open 2019"]
[Site "Florianopolis/SC"]
[Date "2019.01.24"]
[Round "6.186"]
[White "Albiero, Marco Antonio Batis"]
[Black "Kim, Andre"]
[Result "1-0"]
[WhiteElo "1565"]
[BlackElo "1277"]
[PlyCount "111"]
[EventDate "2019.01.21"]
[EventRounds "10"]
[EventCountry "BRA"]

1. e4 e5 2. Nf3 Nc6 3. Bc4 h6 4. c3 Nf6 5. d3 Bc5 6. Nbd2 Ng4 7. O-O O-O 8. h3 Nf6 9. Re1 d6 10. Nf1 Re8 11. Ng3 Be6 12. Bb5 a6 13. Ba4 d5 14. exd5 Nxd5 15. Nxe5 Qd6 16. d4 Bb6 17. Ne4 Qd8 18. Nxc6 bxc6 19. Bxc6 Bd7 20. Bxa8 Qxa8 21. Bd2 Qc6 22. Ng3 Rxe1+ 23. Qxe1 Qg6 24. Qe4 Qxe4 25. Nxe4 f5 26. Nc5 Bxc5 27. dxc5 c6 28. Re1 Kf7 29. c4 Nf6 30. Bf4 Be6 31. b3 Ne4 32. Bd6 Kf6 33. f3 Nc3 34. Be5+ Kg6 35. Bxc3 Bd7 36. Re7 Bc8 37. Rc7 Be6 38. Rxc6 Kf7 39. Rxa6 g5 40. c6 Bc8 41. Ra8 Be6 42. c7 h5 43. c8=Q Bxc8 44. Rxc8 g4 45. Rc6 gxf3 46. gxf3 Ke7 47. a4 Kd7 48. Rf6 Kc7 49. a5 Kb7 50. a6+ Ka7 51. Bd4+ Ka8 52. Rf7 Kb8 53. Ra7 Kc8 54. Rb7 f4 55. h4 Kd8 56. a7 1-0

[Event "V Floripa Chess Open 2019"]
[Site "Florianopolis/SC"]
[Date "2019.01.24"]
[Round "6.187"]
[White "Japiassu, Glauco Antonio Beze"]
[Black "Mendes, Ana Beatriz Dias Gu"]
[Result "0-1"]
[WhiteElo "1558"]
[BlackElo "1233"]
[PlyCount "100"]
[EventDate "2019.01.21"]
[EventRounds "10"]
[EventCountry "BRA"]

1. d4 d5 2. Bf4 Nf6 3. e3 Bf5 4. Bd3 Bg6 5. c3 e6 6. Nf3 c5 7. Bb5+ Nc6 8. Ne5 Qb6 9. Qa4 Rc8 10. Nd2 a6 11. Bxc6+ bxc6 12. Nxg6 hxg6 13. Qb3 Qb5 14. Qxb5 cxb5 15. O-O Nh5 16. Nf3 Nxf4 17. exf4 Bd6 18. Ne5 Ke7 19. g3 cxd4 20. cxd4 Rc2 21. Rab1 Rhc8 22. Nd3 R8c4 23. Rfc1 Rxc1+ 24. Rxc1 Rxd4 25. Nc5 Bxc5 26. Rxc5 Kd7 27. Rc2 Rc4 28. Rd2 Kd6 29. Kg2 d4 30. b3 Rb4 31. a3 Rxb3 32. Rxd4+ Kc5 33. Rd7 Rxa3 34. Rxf7 b4 35. Rxg7 b3 36. Rb7 Kc4 37. h4 Kc3 38. g4 Ra5 39. h5 gxh5 40. g5 Rf5 41. g6 Rxf4 42. g7 Rg4+ 43. Kf3 b2 44. Rc7+ Kb3 45. Rb7+ Ka2 46. Rb6 b1=Q 47. Rxa6+ Kb2 48. Rb6+ Kc1 49. Rc6+ Qc2 50. Rxc2+ Kxc2 0-1

[Event "V Floripa Chess Open 2019"]
[Site "Florianopolis/SC"]
[Date "2019.01.24"]
[Round "6.189"]
[White "De Sousa, Daniel Paiva"]
[Black "Albuquerque, Jefferson G. Souza"]
[Result "1-0"]
[WhiteElo "1539"]
[BlackElo "1811"]
[PlyCount "52"]
[EventDate "2019.01.21"]
[EventRounds "10"]
[EventCountry "BRA"]

1. c4 e5 2. g3 c6 3. Nc3 d5 4. Bg2 Nf6 5. b3 Bb4 6. Bb2 Qd6 7. a3 Bxc3 8. dxc3 Be6 9. cxd5 cxd5 10. c4 Nc6 11. cxd5 Bxd5 12. e4 Rd8 13. exd5 Nxd5 14. Bxd5 Qxd5 15. Qxd5 Rxd5 16. Rd1 Rc5 17. Nf3 f6 18. Nh4 g6 19. O-O Rc2 20. Bc1 Ke7 21. Rfe1 Ke6 22. Rd2 Rxd2 23. Bxd2 Nd4 24. b4 g5 25. Bc3 Nb5 26. Bxe5 fxe5 1-0

[Event "V Floripa Chess Open 2019"]
[Site "Florianopolis/SC"]
[Date "2019.01.24"]
[Round "6.190"]
[White "Novello, Juliana Brasil"]
[Black "Queiroz Da Costa, Alan Patrick"]
[Result "0-1"]
[WhiteElo "1725"]
[BlackElo "1474"]
[PlyCount "102"]
[EventDate "2019.01.21"]
[EventRounds "10"]
[EventCountry "BRA"]

1. e4 c5 2. Nf3 Nc6 3. Bb5 g6 4. O-O Bg7 5. Nc3 d6 6. d3 Nf6 7. Bg5 O-O 8. Qd2 Bd7 9. Bh6 a6 10. Ba4 Bg4 11. Bxg7 Kxg7 12. Qe3 h6 13. h3 Be6 14. a3 b5 15. Bb3 Bxb3 16. cxb3 b4 17. Ne2 e5 18. Rfc1 Qe8 19. Rc2 Qe6 20. axb4 Nxb4 21. Rc3 Nc6 22. Ra3 Nd4 23. Ra1 Nxb3 24. Rb1 Rfb8 25. Nc1 Nh5 26. Nxb3 Rxb3 27. Rxb3 Qxb3 28. Qd2 Nf4 29. g3 Qxd3 30. Qxd3 Nxd3 31. b3 Rb8 32. Kg2 c4 33. Nd2 c3 34. Rd1 c2 35. Rg1 c1=Q 36. Rxc1 Nxc1 37. Nc4 Rxb3 38. Nxd6 Nd3 39. Nc4 Rb4 40. Nd2 Rb2 41. Nc4 Rxf2+ 42. Kh1 Re2 43. Kg1 Rxe4 44. Nd2 Re1+ 45. Kg2 Re2+ 46. Kf1 Rxd2 47. Kg1 Rf2 48. Kh1 e4 49. g4 e3 50. h4 e2 51. Kg1 e1=Q# 0-1

[Event "V Floripa Chess Open 2019"]
[Site "Florianopolis/SC"]
[Date "2019.01.24"]
[Round "6.191"]
[White "Caribe Santos, Luiz Carlos"]
[Black "Novello, Gabriela Brasil"]
[Result "1-0"]
[WhiteElo "1471"]
[BlackElo "1186"]
[PlyCount "61"]
[EventDate "2019.01.21"]
[EventRounds "10"]
[EventCountry "BRA"]

1. d4 Nf6 2. c4 e6 3. Nf3 d5 4. cxd5 exd5 5. Nc3 Be7 6. Bf4 c6 7. h3 O-O 8. e3 Nbd7 9. Bd3 h6 10. O-O Re8 11. Rc1 Bf8 12. a3 Ne4 13. Nd2 Nxc3 14. bxc3 Bxa3 15. Ra1 Bb2 16. Rb1 Bxc3 17. Nf3 Nf6 18. Ne5 Ne4 19. Bxe4 dxe4 20. Qh5 Qf6 21. g4 g5 22. Bg3 c5 23. f4 cxd4 24. fxg5 Qg7 25. gxh6 Qxh6 26. Qxf7+ Kh8 27. Qxe8+ Kh7 28. Rf7+ Qg7 29. Rxg7+ Kxg7 30. Qg6+ Kh8 31. Nf7# 1-0

[Event "V Floripa Chess Open 2019"]
[Site "Florianopolis/SC"]
[Date "2019.01.24"]
[Round "6.195"]
[White "Mendes, Rodrigo Machado"]
[Black "Neumann, Jose Verner"]
[Result "1-0"]
[WhiteElo "1956"]
[BlackElo "1758"]
[PlyCount "69"]
[EventDate "2019.01.21"]
[EventRounds "10"]
[EventCountry "BRA"]

1. d4 Nf6 2. g3 g6 3. Bg2 Bg7 4. Nf3 d5 5. O-O O-O 6. c4 c6 7. Nbd2 Nbd7 8. b3 Re8 9. Bb2 b6 10. Re1 Bb7 11. Qc2 Qc7 12. Rac1 Rac8 13. a3 Ba8 14. Ne5 Nxe5 15. dxe5 Nd7 16. f4 e6 17. e4 Qd8 18. Rcd1 Qc7 19. Qd3 Nc5 20. Qe3 Rcd8 21. b4 Nd7 22. Rc1 Qb8 23. Red1 Bb7 24. Bf3 Nf8 25. Kg2 Nd7 26. g4 c5 27. cxd5 exd5 28. exd5 Nf8 29. Nf1 Qa8 30. Qb3 cxb4 31. axb4 h6 32. h4 Rd7 33. Ne3 Red8 34. Kg3 Rc7 35. Rxc7 1-0

[Event "V Floripa Chess Open 2019"]
[Site "Florianopolis/SC"]
[Date "2019.01.24"]
[Round "6.196"]
[White "Pereira, Cristiano Alves"]
[Black "Lanznaster, Joao Vitor"]
[Result "1-0"]
[WhiteElo "1687"]
[BlackElo "1180"]
[PlyCount "89"]
[EventDate "2019.01.21"]
[EventRounds "10"]
[EventCountry "BRA"]

1. e4 c5 2. Nf3 d6 3. d4 cxd4 4. Nxd4 Nf6 5. Nc3 a6 6. Bd3 e5 7. Nb3 b5 8. Bg5 Nbd7 9. Qd2 Be7 10. Qe2 Bb7 11. Bxf6 Bxf6 12. O-O O-O 13. Qg4 Bg5 14. Ne2 h6 15. f4 Nf6 16. Qf3 exf4 17. Nxf4 Qe7 18. Rae1 Nd7 19. Nd5 Bxd5 20. exd5 Qf6 21. Qe4 Qg6 22. Qxg6 fxg6 23. Bxg6 Rac8 24. Bf7+ Kh8 25. Be6 Rcd8 26. Rf7 Nf6 27. Nd4 Rde8 28. Kf1 Bf4 29. Nf5 g6 30. Ne7 Be5 31. Nxg6+ Kg8 32. Nxe5 dxe5 33. Rxf6+ Kg7 34. Rf7+ Kg6 35. Rxe5 a5 36. Rxf8 Rxf8+ 37. Ke2 Kf6 38. Rf5+ Ke7 39. Rxf8 Kxf8 40. d6 Ke8 41. d7+ Kd8 42. g4 a4 43. h4 b4 44. g5 hxg5 45. hxg5 1-0

[Event "V Floripa Chess Open 2019"]
[Site "Florianopolis/SC"]
[Date "2019.01.24"]
[Round "6.197"]
[White "Ittner, Emily Caroline"]
[Black "Stasaitits, Tiago"]
[Result "0-1"]
[WhiteElo "1087"]
[BlackElo "1528"]
[PlyCount "74"]
[EventDate "2019.01.21"]
[EventRounds "10"]
[EventCountry "BRA"]

1. c4 d6 2. d3 Nc6 3. e3 g6 4. Nf3 Bg7 5. Be2 Nf6 6. O-O O-O 7. Nbd2 Re8 8. Rb1 e5 9. e4 b6 10. a3 Bb7 11. b4 Nb8 12. Bb2 Nbd7 13. Re1 c5 14. b5 Nf8 15. Qc1 Qd7 16. Bc3 h6 17. Nb3 N6h7 18. Bd2 h5 19. Bh6 f5 20. exf5 Qxf5 21. Nh4 Qf6 22. Bf3 Bxf3 23. Nxf3 Ne6 24. Bxg7 Kxg7 25. Nbd2 Nf4 26. Ne4 Qe6 27. Qd2 Rf8 28. Re3 Rad8 29. Qc3 Qg4 30. Ne1 Nf6 31. Nxf6 Rxf6 32. Qc2 Rdf8 33. Rg3 Ne2+ 34. Kh1 Nxg3+ 35. hxg3 Rxf2 36. Qc3 Qxg3 37. Rb2 Rf1# 0-1

[Event "V Floripa Chess Open 2019"]
[Site "Florianopolis/SC"]
[Date "2019.01.24"]
[Round "6.198"]
[White "De Oliveira, John Richard Aparec"]
[Black "Metidieri, Diogenes Galavotti"]
[Result "1-0"]
[WhiteElo "1515"]
[BlackElo "1800"]
[PlyCount "29"]
[EventDate "2019.01.21"]
[EventRounds "10"]
[EventCountry "BRA"]

1. e4 e5 2. Nc3 Nf6 3. g3 Nc6 4. Bg2 Bc5 5. d3 O-O 6. Nf3 d6 7. Bg5 b6 8. Nxe5 h6 9. Nxc6 Qd7 10. Bxf6 gxf6 11. Ne7+ Qxe7 12. a3 Re8 13. Qd2 a5 14. Qxh6 Qe5 15. Qh3 1-0

[Event "V Floripa Chess Open 2019"]
[Site "Florianopolis/SC"]
[Date "2019.01.24"]
[Round "6.199"]
[White "De Oliveira, Nicolas Fabiane"]
[Black "Dias Filho, Pedro Stein"]
[Result "0-1"]
[WhiteElo "1078"]
[BlackElo "1507"]
[PlyCount "46"]
[EventDate "2019.01.21"]
[EventRounds "10"]
[EventCountry "BRA"]

1. e4 c5 2. d4 cxd4 3. Qxd4 Nc6 4. Qe3 e5 5. f4 Qh4+ 6. g3 exf4 7. Qf3 fxg3 8. hxg3 Qf6 9. Qd3 Bc5 10. Nf3 Nb4 11. Qb3 Nxc2+ 12. Ke2 Nxa1 13. Qb5 b6 14. Nc3 Nc2 15. Nd5 Nd4+ 16. Nxd4 Qxd4 17. Bg2 Qf2+ 18. Kd1 Qxg2 19. Rf1 Kd8 20. Qd3 d6 21. Rxf7 Bg4+ 22. Ke1 Nf6 23. a3 Qf2# 0-1

[Event "V Floripa Chess Open 2019"]
[Site "Florianopolis/SC"]
[Date "2019.01.24"]
[Round "6.200"]
[White "Nunes, Nicole"]
[Black "Rodrigues Mota, Sophia Lorena"]
[Result "0-1"]
[WhiteElo "1022"]
[BlackElo "1498"]
[PlyCount "49"]
[EventDate "2019.01.21"]
[EventRounds "10"]
[EventCountry "BRA"]

1. e4 c5 2. Nf3 e6 3. d4 cxd4 4. Nxd4 Nf6 5. Nc3 d6 6. Bd3 Be7 7. O-O O-O 8. h3 Nbd7 9. Re1 a6 10. Bd2 b5 11. Qf3 Bb7 12. Qg3 Kh8 13. Bh6 gxh6 14. Qe3 h5 15. Qh6 Rg8 16. Kh1 Rg6 17. Qe3 Rg7 18. Rg1 Nc5 19. Be2 Ncxe4 20. Nxe4 Bxe4 21. c3 Qg8 22. Rad1 e5 23. Rc1 Qc8 24. Rcd1 d5 25. Rc1 0-1

[Event "V Floripa Chess Open 2019"]
[Site "Florianopolis/SC"]
[Date "2019.01.24"]
[Round "6.201"]
[White "Schroeder, Matheus"]
[Black "Vicenzi, Liziane Nathalia"]
[Result "0-1"]
[WhiteElo "1003"]
[BlackElo "1488"]
[PlyCount "67"]
[EventDate "2019.01.21"]
[EventRounds "10"]
[EventCountry "BRA"]

1. e4 c5 2. Nf3 d6 3. d4 cxd4 4. Nxd4 Nf6 5. Nc3 a6 6. g3 e5 7. Nf3 Be7 8. Be3 Be6 9. Bg2 Nbd7 10. Ng5 Bg4 11. Nf3 Rc8 12. Qd2 Nc5 13. Bxc5 Rxc5 14. h3 Bh5 15. g4 Bg6 16. Nh4 Qc8 17. Nf5 Bxf5 18. gxf5 O-O 19. O-O-O b5 20. b4 Rxc3 21. Rhg1 Nh5 22. Qe2 Nf4 23. Qg4 Rxc2+ 24. Kb1 Qc4 25. Qxg7+ Kxg7 26. Bf1+ Kh8 27. Bxc4 Rxc4 28. a3 Rg8 29. Rxg8+ Kxg8 30. f6 Bxf6 31. Rxd6 Kg7 32. Rxa6 Ne6 33. Kb2 Rxe4 34. a4 0-1

[Event "V Floripa Chess Open 2019"]
[Site "Florianopolis/SC"]
[Date "2019.01.24"]
[Round "6.202"]
[White "Oliveira, Paulo Ricardo"]
[Black "Meirelles, Olyntho Vitoria"]
[Result "1/2-1/2"]
[WhiteElo "1800"]
[BlackElo "1458"]
[PlyCount "37"]
[EventDate "2019.01.21"]
[EventRounds "10"]
[EventCountry "BRA"]

1. e4 c5 2. Nf3 d6 3. Nc3 a6 4. Bc4 Bg4 5. d3 e6 6. h3 Bh5 7. g4 Bg6 8. Bd2 Nc6 9. Qe2 Nf6 10. O-O-O Be7 11. Ng5 h6 12. Nf3 b5 13. e5 dxe5 14. Nxe5 Nd4 15. Qe3 bxc4 16. f4 cxd3 17. cxd3 Nd5 18. Nxd5 Kf8 19. Rhf1 1/2-1/2

[Event "V Floripa Chess Open 2019"]
[Site "Florianopolis/SC"]
[Date "2019.01.25"]
[Round "7.1"]
[White "Fier, Alexandr"]
[Black "Granda Zuniga, Julio E"]
[Result "1/2-1/2"]
[WhiteElo "2540"]
[BlackElo "2641"]
[Annotator "RC"]
[PlyCount "31"]
[EventDate "2019.01.21"]
[EventRounds "10"]
[EventCountry "BRA"]

1. d4 d5 2. c4 e6 3. Nc3 Nf6 4. Nf3 Be7 5. Bf4 O-O 6. e3 a5 7. Rc1 c6 8. Bd3 Nbd7 9. h3 dxc4 10. Bxc4 a4 11. a3 b5 12. Bd3 Qa5 13. O-O b4 14. axb4 Qxb4 15. Qc2 Ba6 16. Bxa6 1/2-1/2